000 00996nam a22002657a 4500
999 _c13563
_d13563
003 MIRAKIL
005 20191023135859.0
008 191023b tu ||||| |||| 00| 0 tur d
020 _a9786051680217
040 _aTR-AnCHP
_btur
_cTR-AnCHP
041 _atur
082 _a344.0202632
_bG96s 2015
100 _aGürsel, Eriş
245 _aSon değişiklikler ve açıklamalarla sosyal sigortalar ve genel sağlık sigortası kanunu :
_bÖnemli yönetmelikler kod ve aylık bağlama cetvelleri /
_cEriş Gürsel, Emre Kışlalı, Erdoğan Kaya.
246 _aÖnemli yönetmelikler kod ve aylık bağlama cetvelleri
250 _a2. bs.
260 _aAnkara:
_bBilge yayınevi,
_c2015.
300 _a639 s.
_btbl.,
_c24 sm.
490 _aHukuk yayınları dizisi;
_v318.
650 _aSosyal sigorta
_xKanunlar
_zTürkiye
700 _96058
_aKışlalı, Emre
700 _96059
_aKaya, Erdoğan
740 _aÖnemli yönetmelikler kod ve aylık bağlama cetvelleri
942 _2ddc
_cBKS